000 00491nam a2200181Ia 4500
008 240925s9999 xx 000 0 und d
020 _a700223045
082 _a620.1173 BES
100 _aBest ,Charless L.
245 0 _aAnalytical Mechanics for Engineering: statics
250 _a2nd
260 _aIndia:
_bIntext Educational Publishers
_c,1970.
300 _a314p.
_bNA
_fOriginal
500 _aIncludes Index
600 _aElectrical Engineering
650 _aTechnology
942 _cBK
999 _c3845
_d3845